| 000 -LEADER |
| fixed length control field |
01237cam a22002658i 4500 |
| 001 - CONTROL NUMBER |
| control field |
20727992 |
| 003 - CONTROL NUMBER IDENTIFIER |
| control field |
OSt |
| 005 - DATE AND TIME OF LATEST TRANSACTION |
| control field |
20240220094651.0 |
| 008 - FIXED-LENGTH DATA ELEMENTS--GENERAL INFORMATION |
| fixed length control field |
181101s2018 nyu j 000 1 eng |
| 010 ## - LIBRARY OF CONGRESS CONTROL NUMBER |
| LC control number |
2018047691 |
| 020 ## - INTERNATIONAL STANDARD BOOK NUMBER |
| International Standard Book Number |
9781510744868 |
| 040 ## - CATALOGING SOURCE |
| Original cataloging agency |
DLC |
| Language of cataloging |
eng |
| Description conventions |
rda |
| Transcribing agency |
DLC |
| Modifying agency |
KH8 |
| 042 ## - AUTHENTICATION CODE |
| Authentication code |
pcc |
| 082 00 - DEWEY DECIMAL CLASSIFICATION NUMBER |
| Classification number |
FIC MOO |
| Edition number |
23 |
| 100 1# - MAIN ENTRY--PERSONAL NAME |
| Personal name |
Moore, Ken A., |
| Relator term |
author. |
| 245 10 - TITLE STATEMENT |
| Title |
Call of the last survivor : |
| Remainder of title |
an unofficial Fortnite novel / |
| Statement of responsibility, etc. |
Ken A. Moore. |
| 264 #1 - PRODUCTION, PUBLICATION, DISTRIBUTION, MANUFACTURE, AND COPYRIGHT NOTICE |
| Place of production, publication, distribution, manufacture |
New York, NY : |
| Name of producer, publisher, distributor, manufacturer |
Sky Pony Press, |
| Date of production, publication, distribution, manufacture, or copyright notice |
[2018] |
| 300 ## - PHYSICAL DESCRIPTION |
| Extent |
236 pages: |
| Dimensions |
20 cm. |
| 336 ## - CONTENT TYPE |
| Content type term |
text |
| Content type code |
txt |
| Source |
rdacontent |
| 337 ## - MEDIA TYPE |
| Media type term |
unmediated |
| Media type code |
n |
| Source |
rdamedia |
| 338 ## - CARRIER TYPE |
| Carrier type term |
volume |
| Carrier type code |
nc |
| Source |
rdacarrier |
| 520 ## - SUMMARY, ETC. |
| Summary, etc. |
"Mikaleh can hardly believe her eyes when she returns to base camp one morning--after a long evening of satisfying zombie-killing--to find that the Husks appear to have. . . reached out to them! A mysterious message, seeming to be from the very monsters themselves, urges Squad #43 to attend a secret rendezvous in Canny Valley where more will be revealed"-- |
| Assigning source |
Provided by publisher. |
| 776 08 - ADDITIONAL PHYSICAL FORM ENTRY |
| Relationship information |
Online version: |
| Main entry heading |
Moore, Ken A., author. |
| Title |
Call of the last survivor |
| Place, publisher, and date of publication |
New York, NY : Sky Pony Press, [2018] |
| International Standard Book Number |
9781510744875 |
| Record control number |
(DLC) 2018052737 |
| 942 ## - ADDED ENTRY ELEMENTS (KOHA) |
| Source of classification or shelving scheme |
|
| Koha item type |
Books - Fiction |